000 00664nam a2200229 i 4500
001 bgj
100 1 _aFRANCK, Irene M.
245 1 0 _aCommunicators /
_cby Irene M. Franck and David M. Brownstone.
260 _aNew York :
_bFacts on File Publications,
_ccop. 1986.
300 _aXII, 228 pp :
_bphotos, drawings ;
_c24 cm.
490 1 _aWork Throughout History
505 _aIncludes index.
650 9 _aCommunication
_xHistory
700 1 _aBROWNSTONE, David M.
830 _aWork Throughout History
020 _a0816014434
040 _cBPK
041 0 _aeng
920 _a0-8160-1443-4
942 _cKS
008 s uk f |000 0 eng
999 _c47595
_d47595
856 _uhttp://koha.tu.koszalin.pl/cgi-bin/koha/opac-detail.pl?biblionumber=47595
_yKatalog online BPK